000 00829nas a2200253 4500
001 BR0702888
003 BR-BrBNA
005 20231205110827.0
007 ta
008 230509b bl.|||p| |||| 00| 00por d
040 _aBR-BrBNA
_bpor
_cBiblioteca Nacional de Agricultura
041 _a(Pt)
072 _aE11; E40
100 1 _aContini, E.
100 1 _aÁvila, A.F.D.
245 1 _aAssentamento de agricultores sem-terra através de cooperativas: um modelo alternativo
650 _aASSENTAMENTO
650 _aREFORMA AGRÁRIA
650 _aCOOPERATIVA
773 0 _tRevista de Política Agrícola (Brazil)
_xISSN 1413-4969
_g(Apr-Jun 1995), v. 4(2) p. 19-24
_wBR0702888
856 4 _uRev_Pol_Agr_v4_n2-1995.pdf#page=20
_yRecurso eletrônico (PDF)
909 _a202311
_bLúcia
_c55
_dLúcia Elande
942 _2AGRIS
_n0
_cANA
999 _c189282
_d189282